Karl marxar das capital (Record no. 1636)

MARC details
000 -LEADER
fixed length control field 00469cam a2200193ua 4500
001 - CONTROL NUMBER
control field 1753
005 - DATE AND TIME OF LATEST TRANSACTION
control field 20260515113402.0
008 - FIXED-LENGTH DATA ELEMENTS--GENERAL INFORMATION
fixed length control field 110824n ii |||gr||||Z||||||eng
040 ## - CATALOGING SOURCE
Transcribing agency MAIN
082 ## - DEWEY DECIMAL CLASSIFICATION NUMBER
Classification number 335.4
100 ## - MAIN ENTRY--PERSONAL NAME
Personal name Saikia, Brajakishore,
245 1# - TITLE STATEMENT
Title Karl marxar das capital
Statement of responsibility, etc. by Brajakishore Saikia
250 ## - EDITION STATEMENT
Edition statement 1st.
260 ## - PUBLICATION, DISTRIBUTION, ETC.
Place of publication, distribution, etc. Guahati:
Name of publisher, distributor, etc. Buniyad,996.
300 ## - PHYSICAL DESCRIPTION
Extent 154p:
Dimensions 23cm.
653 ## - INDEX TERM--UNCONTROLLED
Uncontrolled term Economics
653 ## - INDEX TERM--UNCONTROLLED
Uncontrolled term Karl marxar das capital
942 ## - ADDED ENTRY ELEMENTS (KOHA)
Koha item type Books
Holdings
Withdrawn status Lost status Damaged status Not for loan Home library Current library Shelving location Date acquired Total checkouts Full call number Barcode Date last seen Copy number Price effective from Koha item type
        Naharkatiya College Library Naharkatiya College Library General stacks 09/19/2020   335.4 | SAI 15572 09/19/2020 2 09/19/2020 Books
        Naharkatiya College Library Naharkatiya College Library General stacks 09/19/2020   335.4 | SAI 15573 09/19/2020 1 09/19/2020 Books